<?xml version="1.0" encoding="UTF-8"?><?xml-stylesheet type="text/xsl" href="static/style.xsl"?><OAI-PMH xmlns="http://www.openarchives.org/OAI/2.0/" xmlns:xsi="http://www.w3.org/2001/XMLSchema-instance" xsi:schemaLocation="http://www.openarchives.org/OAI/2.0/ http://www.openarchives.org/OAI/2.0/OAI-PMH.xsd"><responseDate>2026-04-14T05:09:11Z</responseDate><request verb="GetRecord" identifier="oai:www.recercat.cat:20.500.14342/2070" metadataPrefix="marc">https://recercat.cat/oai/request</request><GetRecord><record><header><identifier>oai:recercat.cat:20.500.14342/2070</identifier><datestamp>2025-05-25T23:44:15Z</datestamp><setSpec>com_2072_482405</setSpec><setSpec>com_2072_183628</setSpec><setSpec>col_2072_482411</setSpec></header><metadata><record xmlns="http://www.loc.gov/MARC21/slim" xmlns:dcterms="http://purl.org/dc/terms/" xmlns:xsi="http://www.w3.org/2001/XMLSchema-instance" xmlns:doc="http://www.lyncode.com/xoai" xsi:schemaLocation="http://www.loc.gov/MARC21/slim http://www.loc.gov/standards/marcxml/schema/MARC21slim.xsd">
   <leader>00925njm 22002777a 4500</leader>
   <datafield ind2=" " ind1=" " tag="042">
      <subfield code="a">dc</subfield>
   </datafield>
   <datafield ind2=" " ind1=" " tag="720">
      <subfield code="a">Buscà, Bernat</subfield>
      <subfield code="e">author</subfield>
   </datafield>
   <datafield ind2=" " ind1=" " tag="720">
      <subfield code="a">Febrer, J.</subfield>
      <subfield code="e">author</subfield>
   </datafield>
   <datafield ind2=" " ind1=" " tag="260">
      <subfield code="c">2017-05-22</subfield>
   </datafield>
   <datafield ind2=" " ind1=" " tag="520">
      <subfield code="a">The aim of the present study was to analyze the temporal fight of the volleyball&#xd;
Spanish high-level setter and the opponent middle-blocker to get advantage in&#xd;
the attack construction situations and blocking, respectively. A frame-by-frame&#xd;
high-speed video sequences analysis was used to calculate temporal&#xd;
descriptive data from setting trajectories and the anticipatory behaviour of the&#xd;
middle-blocker. In addition, middle-blockers behaviours were analyzed&#xd;
according to temporal motor response proposed by Broker and Crawley (2001)&#xd;
in a similar task. There was some evidence that middle-blockers develop&#xd;
anticipated responses for 60,94% of the actions. Finally, the relationship with&#xd;
block effectiveness was analyzed.</subfield>
   </datafield>
   <datafield ind2=" " ind1=" " tag="520">
      <subfield code="a">En el presente estudio se analiza la lucha temporal del colocador de&#xd;
voleibol de alto nivel español y el central oponente para conseguir ventaja en la&#xd;
construcción del ataque y el bloqueo, respectivamente. A través del análisis de&#xd;
recuento de imágenes registradas con vídeo de alta velocidad, se aportan&#xd;
datos temporales descriptivos de las trayectorias de pase y las conductas&#xd;
anticipatorias del central oponente con gran precisión. Posteriormente se&#xd;
contrastan dichas conductas con el tiempo de respuesta motora propuesta por&#xd;
Broker y Crawley (2001) en una tarea de bloqueo y se constata que los&#xd;
centrales se anticipan en un 60,94% de las acciones. Finalmente se analizó la&#xd;
relación del comportamiento del central con la eficacia en el bloqueo.</subfield>
   </datafield>
   <datafield ind1="8" ind2=" " tag="024">
      <subfield code="a">http://hdl.handle.net/20.500.14342/2070</subfield>
   </datafield>
   <datafield tag="653" ind2=" " ind1=" ">
      <subfield code="a">Voleibol</subfield>
   </datafield>
   <datafield tag="653" ind2=" " ind1=" ">
      <subfield code="a">Tàctica esportiva</subfield>
   </datafield>
   <datafield tag="653" ind2=" " ind1=" ">
      <subfield code="a">Rendiment (Esports)</subfield>
   </datafield>
   <datafield ind2="0" ind1="0" tag="245">
      <subfield code="a">La lucha temporal entre el bloqueador central y el colocador en el voleibol de alto nivel</subfield>
   </datafield>
</record></metadata></record></GetRecord></OAI-PMH>